01527cac a2200313 i 4500003000900000005001700009008004100026020001500067040003800082043001200120082001500132100002500147245013900172264006000311300002900371336002600400337002800426338002700454500016500481610004900646650003900695650003600734650004100770651005900811856006000870856008900930856009001019856010401109EG-GICUC20260121101408.0951020s2003 nyu frb 001 0 eng d a0934143986 aDLCcDLCdDLCdEG-GICUCbengerda an-us---00a341.482211 aSilverstein, Gordon.10aImbalance of powers :bHow changes to U.S. Law & policy Since 9/11 erode human rights and civil liberties September 2002 - March 2003. aWashington :bLawyers Cmmittee for Human Rights,c2003. aviii, 108 page ;c22 cm. atextbtxt2rdacontent aunmediatedbn2rdamedia avolumebnc2rdacarrier aImbalance of powers is an update to lawyers committee's A year of loss : Re-examining civil liberties since september 11, Which was published in September 2002.10aUnited States.bCongressxPowers and duties. 0aConstitutional lawzUnited States. 0aExecutive powerzUnited States. 0aSeparation of powerszUnited States. 0aUnited StatesxForeign relationsxLaw and legislation.42uhttps://fll.law.cu.edu.eg/fulltext/bks/ENGB08-00060.pdf423Publisher descriptionuhttp://www.loc.gov/catdir/enhancements/fy0605/95046428-d.html413Table of contents onlyuhttp://www.loc.gov/catdir/enhancements/fy0605/95046428-t.html423Contributor biographical informationuhttp://www.loc.gov/catdir/enhancements/fy0723/95046428-b.html